[Event "GM/IM 2015 Chess House"]
[Site "?"]
[Date "2015.02.08"]
[Round "3.1"]
[White "Skytte, Rasmus"]
[Black "Donchenko, Alexander"]
[Result "0-1"]
[LiveChessVersion "1.4.2"]
[BlackElo "2552"]
[WhiteElo "2428"]

1. e4 {[%clk 1:30:53]} c6 {[%clk 1:30:46]} 2. d4 {[%clk 1:30:59]} d5
{[%clk 1:31:10]} 3. Nc3 {[%clk 1:31:05]} dxe4 {[%clk 1:31:30]} 4. Nxe4
{[%clk 1:31:18]} Bf5 {[%clk 1:31:45]} 5. Ng3 {[%clk 1:31:27]} Bg6
{[%clk 1:32:10]} 6. h4 {[%clk 1:31:16]} h6 {[%clk 1:32:36]} 7. Nf3
{[%clk 1:30:56]} Nd7 {[%clk 1:32:58]} 8. h5 {[%clk 1:31:04]} Bh7 {[%clk 1:33:23]}
9. Bd3 {[%clk 1:31:18]} Bxd3 {[%clk 1:33:48]} 10. Qxd3 {[%clk 1:31:37]} e6
{[%clk 1:34:12]} 11. Bd2 {[%clk 1:31:04]} Ngf6 {[%clk 1:34:35]} 12. O-O-O
{[%clk 1:31:05]} Be7 {[%clk 1:34:56]} 13. Kb1 {[%clk 1:30:55]} O-O
{[%clk 1:35:07]} 14. Ne4 {[%clk 1:30:42]} Nxe4 {[%clk 1:35:30]} 15. Qxe4
{[%clk 1:31:06]} Nf6 {[%clk 1:35:51]} 16. Qe2 {[%clk 1:31:03]} Qd5
{[%clk 1:36:03]} 17. Be3 {[%clk 1:30:40]} Bd6 {[%clk 1:33:06]} 18. Nd2
{[%clk 1:24:51]} Qb5 {[%clk 1:24:12]} 19. c4 {[%clk 1:22:36]} Qf5+
{[%clk 1:23:50]} 20. Ka1 {[%clk 1:22:59]} e5 {[%clk 1:23:52]} 21. Nf3
{[%clk 1:16:07]} Rfe8 {[%clk 1:18:13]} 22. Nh4 {[%clk 1:13:13]} Qe6
{[%clk 1:17:17]} 23. Qf3 {[%clk 1:07:53]} e4 {[%clk 1:13:12]} 24. Qe2
{[%clk 1:06:31]} b5 {[%clk 1:08:52]} 25. cxb5 {[%clk 1:01:44]} cxb5
{[%clk 1:08:47]} 26. g4 {[%clk 1:00:43]} Nd5 {[%clk 1:00:03]} 27. Nf5
{[%clk 0:52:25]} Bf8 {[%clk 0:57:36]} 28. Rd2 {[%clk 0:48:11]} b4
{[%clk 0:47:08]} 29. Rc1 {[%clk 0:47:02]} b3 {[%clk 0:45:24]} 30. axb3
{[%clk 0:42:34]} Qb6 {[%clk 0:41:03]} 31. Kb1 {[%clk 0:39:07]} Re6
{[%clk 0:24:22]} 32. Rdc2 {[%clk 0:33:13]} Nb4 {[%clk 0:24:12]} 33. Rc5
{[%clk 0:26:26]} Bxc5 {[%clk 0:22:05]} 34. Rxc5 {[%clk 0:26:51]} Nd3
{[%clk 0:16:36]} 35. d5 {[%clk 0:26:58]} Rf6 {[%clk 0:16:29]} 36. Ne7+
{[%clk 0:10:51]} Kh8 {[%clk 0:15:53]} 37. Qc2 {[%clk 0:02:49]} Nxc5
{[%clk 0:15:13]} 38. Bxc5 {[%clk 0:03:15]} Qb5 {[%clk 0:14:36]} 39. d6
{[%clk 0:02:49]} Qf1+ {[%clk 0:09:01]} 40. Ka2 {[%clk 0:02:54]} Qa6+
{[%clk 0:07:12]} 41. Ba3 {[%clk 0:02:25]} Rxd6 {[%clk 0:04:45]} 42. Qxe4
{[%clk 0:02:21]} Rad8 {[%clk 0:03:36]} 43. Nf5 {[%clk 0:02:30]} Re6
{[%clk 0:02:57]} 44. Qf4 {[%clk 0:01:49]} Re1 {[%clk 0:28:27]} 0-1

[Event "GM/IM 2015 Chess House"]
[Site "?"]
[Date "2015.02.08"]
[Round "3.2"]
[White "Teplyi, Igor"]
[Black "Kasparov, Sergey"]
[Result "1/2-1/2"]
[LiveChessVersion "1.4.2"]
[BlackElo "2477"]
[WhiteElo "2389"]

1. d4 {[%clk 1:27:36]} Nf6 {[%clk 1:30:38]} 2. c4 {[%clk 1:27:59]} c5
{[%clk 1:31:04]} 3. d5 {[%clk 1:28:22]} b5 {[%clk 1:31:24]} 4. cxb5
{[%clk 1:28:44]} a6 {[%clk 1:31:50]} 5. bxa6 g6 6. Nc3 {[%clk 1:28:36]} Bg7
{[%clk 1:32:13]} 7. e4 {[%clk 1:28:49]} O-O {[%clk 1:32:33]} 8. Nf3
{[%clk 1:29:12]} Qa5 {[%clk 1:32:46]} 9. Bd2 {[%clk 1:28:47]} Bxa6
{[%clk 1:32:33]} 10. Be2 {[%clk 1:28:16]} d6 {[%clk 1:32:40]} 11. O-O
{[%clk 1:27:19]} Bxe2 {[%clk 1:31:12]} 12. Qxe2 {[%clk 1:27:41]} Qa6
{[%clk 1:31:40]} 13. Rfe1 {[%clk 1:22:29]} Nbd7 {[%clk 1:31:35]} 14. h3
{[%clk 1:14:07]} Rfb8 {[%clk 1:30:45]} 15. Qxa6 {[%clk 1:09:12]} Rxa6
{[%clk 1:27:42]} 16. Rab1 {[%clk 1:08:48]} Ne8 {[%clk 1:27:22]} 17. Bf4
{[%clk 1:02:53]} Rab6 {[%clk 1:19:11]} 18. Na4 {[%clk 0:46:13]} Rb4
{[%clk 1:18:30]} 19. b3 {[%clk 0:46:37]} f5 {[%clk 1:15:04]} 20. Nd2
{[%clk 0:41:30]} fxe4 {[%clk 1:13:19]} 21. Nxe4 {[%clk 0:40:54]} Nef6
{[%clk 1:10:01]} 22. Nxf6+ {[%clk 0:38:50]} Bxf6 {[%clk 1:00:12]} 23. Bd2
{[%clk 0:38:05]} Rd4 {[%clk 0:54:42]} 24. Bc3 {[%clk 0:36:33]} Rxd5
{[%clk 0:53:07]} 25. Bxf6 {[%clk 0:36:52]} exf6 {[%clk 0:53:33]} 26. Red1
{[%clk 0:35:19]} Nb6 {[%clk 0:49:15]} 27. Rxd5 {[%clk 0:34:43]} Nxd5
{[%clk 0:48:48]} 28. Rd1 {[%clk 0:35:07]} Nb6 {[%clk 0:49:17]} 29. Rxd6
{[%clk 0:35:14]} Nxa4 {[%clk 0:49:05]} 30. bxa4 {[%clk 0:34:07]} Rb1+
{[%clk 0:49:13]} 31. Kh2 {[%clk 0:34:29]} Kf7 {[%clk 0:47:41]} 32. Rc6
{[%clk 0:33:17]} Rb2 {[%clk 0:47:53]} 33. f3 {[%clk 0:25:46]} Rxa2
{[%clk 0:47:54]} 34. Rxc5 {[%clk 0:26:10]} Rxa4 {[%clk 0:48:12]} 35. Rc7+
{[%clk 0:26:35]} Kg8 {[%clk 0:48:23]} 36. Rb7 {[%clk 0:26:56]} Ra8
{[%clk 0:48:27]} 37. Kg3 {[%clk 0:27:12]} Rf8 {[%clk 0:47:06]} 38. Kf4
{[%clk 0:27:13]} h5 {[%clk 0:46:28]} 39. h4 {[%clk 0:27:06]} Ra8 {[%clk 0:46:17]}
40. g4 {[%clk 0:25:26]} Ra4+ {[%clk 0:46:11]} 41. Kg3 {[%clk 0:25:33]} 1/2-1/2

[Event "GM/IM 2015 Chess House"]
[Site "?"]
[Date "2015.02.08"]
[Round "3.3"]
[White "Kristiansen, Jens"]
[Black "Carlstedt, Jonathan"]
[Result "1/2-1/2"]
[LiveChessVersion "1.4.2"]
[BlackElo "2444"]
[WhiteElo "2411"]

1. d4 {[%clk 1:30:09]} Nf6 {[%clk 1:30:51]} 2. c4 {[%clk 1:30:21]} e6
{[%clk 1:31:12]} 3. Nc3 {[%clk 1:30:45]} Bb4 {[%clk 1:31:32]} 4. e3
{[%clk 1:31:10]} c5 {[%clk 1:31:51]} 5. Bd3 {[%clk 1:31:21]} Nc6 {[%clk 1:32:14]}
6. Nf3 {[%clk 1:31:41]} d5 {[%clk 1:32:35]} 7. O-O {[%clk 1:32:02]} O-O
{[%clk 1:32:58]} 8. a3 {[%clk 1:32:24]} Bxc3 {[%clk 1:33:21]} 9. bxc3
{[%clk 1:32:50]} dxc4 {[%clk 1:32:37]} 10. Bxc4 {[%clk 1:33:12]} Qc7
{[%clk 1:33:00]} 11. Be2 {[%clk 1:30:39]} e5 {[%clk 1:31:49]} 12. d5
{[%clk 1:28:23]} e4 {[%clk 1:32:11]} 13. dxc6 {[%clk 1:15:21]} Ng4
{[%clk 1:32:24]} 14. g3 {[%clk 1:15:39]} exf3 {[%clk 1:32:46]} 15. Bxf3
{[%clk 1:16:05]} Ne5 {[%clk 1:33:10]} 16. Bg2 {[%clk 1:14:37]} Nxc6
{[%clk 1:33:28]} 17. c4 {[%clk 1:05:26]} Be6 {[%clk 1:30:08]} 18. Bd5
{[%clk 0:57:54]} Ne5 {[%clk 1:29:21]} 19. Bb2 {[%clk 0:54:35]} Rfe8
{[%clk 1:18:52]} 20. Qc2 {[%clk 0:45:27]} Rad8 {[%clk 1:12:28]} 21. e4
{[%clk 0:40:10]} Nf3+ {[%clk 1:09:01]} 22. Kg2 {[%clk 0:39:38]} Nd4
{[%clk 1:09:21]} 23. Bxd4 {[%clk 0:38:50]} cxd4 {[%clk 1:09:45]} 24. Qd3
{[%clk 0:38:13]} Bxd5 {[%clk 1:04:51]} 25. exd5 {[%clk 0:37:36]} b5
{[%clk 1:04:36]} 26. Qxd4 {[%clk 0:34:44]} Qxc4 {[%clk 1:03:42]} 27. Rfd1
{[%clk 0:32:15]} Kf8 {[%clk 0:50:25]} 28. Qxc4 {[%clk 0:27:50]} bxc4
{[%clk 0:50:43]} 29. Rac1 {[%clk 0:28:10]} Re5 {[%clk 0:50:35]} 30. Rxc4
{[%clk 0:27:46]} Rexd5 {[%clk 0:50:56]} 31. Rxd5 {[%clk 0:28:11]} Rxd5
{[%clk 0:51:17]} 32. Rc3 {[%clk 0:27:39]} Ke7 {[%clk 0:51:29]} 33. Kf3
{[%clk 0:27:48]} Kd6 {[%clk 0:51:48]} 34. Ke4 {[%clk 0:27:51]} Re5+
{[%clk 0:52:07]} 35. Kd3 {[%clk 0:27:42]} Rd5+ {[%clk 0:52:25]} 36. Ke4
{[%clk 0:28:02]} Re5+ {[%clk 0:52:49]} 37. Kd3 {[%clk 0:28:28]} Rd5+
{[%clk 0:53:13]} 38. Ke4 {[%clk 0:28:52]} 1/2-1/2

[Event "GM/IM 2015 Chess House"]
[Site "?"]
[Date "2015.02.08"]
[Round "3.4"]
[White "Trent, Lawrence"]
[Black "Hagen, Andreas"]
[Result "1-0"]
[LiveChessVersion "1.4.2"]
[BlackElo "2440"]
[WhiteElo "2470"]

1. d4 {[%clk 1:28:16]} d5 {[%clk 1:30:56]} 2. Bf4 {[%clk 1:28:37]} Nf6
{[%clk 1:31:20]} 3. e3 {[%clk 1:29:01]} c5 {[%clk 1:31:46]} 4. c3
{[%clk 1:29:26]} Nc6 {[%clk 1:32:13]} 5. Nd2 {[%clk 1:29:51]} cxd4
{[%clk 1:32:34]} 6. exd4 {[%clk 1:29:53]} Bf5 {[%clk 1:31:24]} 7. Ngf3
{[%clk 1:29:11]} e6 {[%clk 1:31:11]} 8. Qb3 {[%clk 1:20:15]} Qc8 {[%clk 1:31:32]}
9. h3 {[%clk 1:16:03]} h6 {[%clk 1:28:10]} 10. Be2 {[%clk 1:12:28]} Be7
{[%clk 1:27:41]} 11. O-O {[%clk 1:12:52]} O-O {[%clk 1:27:37]} 12. Ne5
{[%clk 1:06:58]} a6 {[%clk 1:13:19]} 13. Rfc1 {[%clk 0:47:59]} Ne4
{[%clk 0:58:53]} 14. Nxc6 {[%clk 0:41:11]} Qxc6 {[%clk 0:51:21]} 15. Nf3
{[%clk 0:40:31]} Bd6 {[%clk 0:44:52]} 16. Bxd6 {[%clk 0:36:23]} Nxd6
{[%clk 0:39:13]} 17. a4 {[%clk 0:34:04]} b5 {[%clk 0:34:43]} 18. axb5
{[%clk 0:31:36]} axb5 {[%clk 0:34:53]} 19. Ne5 {[%clk 0:25:36]} Qc7
{[%clk 0:34:18]} 20. Qb4 {[%clk 0:22:18]} Nc4 {[%clk 0:31:20]} 21. Nf3
{[%clk 0:20:42]} Be4 {[%clk 0:29:40]} 22. b3 {[%clk 0:16:18]} Bxf3
{[%clk 0:28:51]} 23. Bxf3 {[%clk 0:16:42]} Nd6 {[%clk 0:26:49]} 24. Qc5
{[%clk 0:13:52]} Qd7 {[%clk 0:24:15]} 25. Be2 {[%clk 0:13:37]} Rfc8
{[%clk 0:23:43]} 26. Qb4 {[%clk 0:12:51]} Qc7 {[%clk 0:19:47]} 27. Rxa8
{[%clk 0:08:41]} Rxa8 {[%clk 0:20:12]} 28. Bd3 {[%clk 0:09:08]} Ra2 29. Qc5
{[%clk 0:08:20]} Qb8 {[%clk 0:12:01]} 30. Rd1 {[%clk 0:05:22]} g6
{[%clk 0:10:37]} 31. g3 {[%clk 0:01:58]} h5 {[%clk 0:09:29]} 32. h4
{[%clk 0:02:04]} Kg7 {[%clk 0:07:24]} 33. Bb1 {[%clk 0:01:36]} Ra1
{[%clk 0:05:54]} 34. Rf1 {[%clk 0:01:56]} Qd8 {[%clk 0:04:08]} 35. Kg2
{[%clk 0:01:39]} Kf6 {[%clk 0:02:16]} 36. Bd3 {[%clk 0:01:34]} Ra5
{[%clk 0:01:33]} 37. Re1 {[%clk 0:01:29]} Kg7 {[%clk 0:01:40]} 38. Re2
{[%clk 0:01:01]} Nb7 {[%clk 0:01:22]} 39. Qc6 {[%clk 0:00:50]} Nd6
{[%clk 0:01:45]} 40. Rc2 {[%clk 0:00:42]} Qb8 {[%clk 0:01:01]} 41. Qc5
{[%clk 0:26:54]} Ra1 {[%clk 0:29:46]} 42. Re2 {[%clk 0:25:44]} Rd1
{[%clk 0:29:29]} 43. Bc2 {[%clk 0:20:15]} Ra1 {[%clk 0:29:53]} 44. Bd3
{[%clk 0:20:35]} Rd1 {[%clk 0:30:17]} 45. Re3 {[%clk 0:20:14]} Ra1
{[%clk 0:24:46]} 46. Rf3 {[%clk 0:17:34]} Ra7 {[%clk 0:24:22]} 47. Re3
{[%clk 0:16:20]} Ra1 {[%clk 0:23:39]} 48. Qb4 {[%clk 0:14:20]} Ra2
{[%clk 0:22:20]} 49. Bb1 {[%clk 0:11:32]} Ra1 {[%clk 0:21:06]} 50. Bc2
{[%clk 0:11:44]} Ra2 {[%clk 0:20:13]} 51. Bd3 {[%clk 0:12:09]} Ra8
{[%clk 0:17:48]} 52. Rf3 {[%clk 0:10:08]} Qd8 {[%clk 0:16:46]} 53. Bxb5
{[%clk 0:08:29]} Rb8 {[%clk 0:16:10]} 54. c4 {[%clk 0:08:56]} dxc4
{[%clk 0:09:42]} 55. bxc4 {[%clk 0:09:24]} Nxb5 {[%clk 0:09:59]} 56. cxb5
{[%clk 0:09:50]} Qd5 {[%clk 0:09:50]} 57. Qe7 {[%clk 0:05:06]} Rb7
{[%clk 0:08:27]} 58. Qf6+ {[%clk 0:05:33]} Kg8 {[%clk 0:07:50]} 59. b6
{[%clk 0:05:14]} Qc6 {[%clk 0:06:13]} 60. Qd8+ {[%clk 0:04:33]} Kg7
{[%clk 0:06:10]} 61. Qf6+ {[%clk 0:04:59]} Kh7 {[%clk 0:03:55]} 62. Qd8
{[%clk 0:02:53]} Kg7 {[%clk 0:03:55]} 63. Qf6+ {[%clk 0:02:57]} Kh7
{[%clk 0:04:21]} 64. Kh2 {[%clk 0:02:30]} Qxb6 {[%clk 0:04:23]} 65. Rc3
{[%clk 0:02:16]} Rc7 {[%clk 0:04:21]} 66. Rc5 {[%clk 0:02:07]} Qd6
{[%clk 0:04:07]} 67. Rb5 {[%clk 0:01:42]} Qe7 {[%clk 0:03:09]} 68. Qe5
{[%clk 0:01:50]} Rd7 {[%clk 0:02:57]} 69. Qe4 {[%clk 0:01:21]} Qf6
{[%clk 0:02:36]} 70. Kg2 {[%clk 0:00:44]} Rxd4 {[%clk 0:02:13]} 71. Qc2
{[%clk 0:01:07]} Kg7 {[%clk 0:01:41]} 72. Rb8 {[%clk 0:00:51]} Rd8
{[%clk 0:01:58]} 73. Rb7 {[%clk 0:00:37]} e5 {[%clk 0:01:36]} 74. Qc5
{[%clk 0:00:37]} Qd6 {[%clk 0:01:02]} 75. Qa7 {[%clk 0:00:45]} Qd5+
{[%clk 0:01:13]} 76. Kh2 {[%clk 0:00:38]} Re8 {[%clk 0:01:26]} 77. Rd7
{[%clk 0:00:39]} Qf3 {[%clk 0:01:27]} 78. Qc5 {[%clk 0:00:58]} Qf6
{[%clk 0:01:17]} 79. Rd6 {[%clk 0:00:45]} Rc8 {[%clk 0:01:15]} 80. Qxc8
{[%clk 0:00:44]} Qxd6 {[%clk 0:01:22]} 81. Qe8 {[%clk 0:01:07]} Qd4
{[%clk 0:01:36]} 82. Kg2 {[%clk 0:01:25]} Qe4+ {[%clk 0:01:41]} 83. Kg1
{[%clk 0:01:42]} Qf5 {[%clk 0:02:00]} 84. Qd8 {[%clk 0:01:43]} Qf3
{[%clk 0:01:57]} 85. Qd6 {[%clk 0:02:01]} e4 {[%clk 0:02:12]} 86. Qe5+
{[%clk 0:02:18]} Kh7 {[%clk 0:02:02]} 87. Qd4 {[%clk 0:01:32]} Kg8
{[%clk 0:02:27]} 88. Qd8+ {[%clk 0:01:59]} Kh7 {[%clk 0:02:50]} 89. Qd4
{[%clk 0:02:26]} Qf5 {[%clk 0:01:39]} 90. Kg2 {[%clk 0:02:15]} Qe6
{[%clk 0:01:44]} 91. Qc5 {[%clk 0:02:15]} Kg7 {[%clk 0:01:46]} 92. Qd4+
{[%clk 0:02:39]} Kf8 {[%clk 0:01:48]} 93. Qc5+ {[%clk 0:01:57]} Ke8
{[%clk 0:01:57]} 94. Kg1 {[%clk 0:01:44]} Kd7 {[%clk 0:02:09]} 95. Qd4+
{[%clk 0:01:52]} Kc6 {[%clk 0:01:55]} 96. Qc3+ {[%clk 0:02:17]} Kd5
{[%clk 0:02:10]} 97. Qd2+ {[%clk 0:02:27]} Kc6 {[%clk 0:02:04]} 98. Qc3+
{[%clk 0:02:52]} Kd7 {[%clk 0:02:27]} 99. Qd4+ {[%clk 0:03:17]} Ke8
{[%clk 0:02:47]} 100. Qc5 {[%clk 0:03:40]} f6 {[%clk 0:02:44]} 101. Qb5+
{[%clk 0:01:53]} Kf7 {[%clk 0:03:08]} 102. Qc5 {[%clk 0:02:11]} Qe7
{[%clk 0:03:16]} 103. Qd5+ {[%clk 0:02:26]} Kg7 {[%clk 0:03:40]} 104. Qd4
{[%clk 0:02:50]} Kh6 {[%clk 0:04:02]} 105. Qe3+ {[%clk 0:02:49]} Kg7
{[%clk 0:04:27]} 106. Qd4 {[%clk 0:03:16]} Qe6 {[%clk 0:04:19]} 107. Qa7+
{[%clk 0:03:37]} Kf8 {[%clk 0:03:03]} 108. Qb8+ {[%clk 0:03:32]} Ke7
{[%clk 0:03:21]} 109. Qb4+ {[%clk 0:03:06]} Kf7 {[%clk 0:03:44]} 110. Qc5
{[%clk 0:03:20]} Qe7 {[%clk 0:04:02]} 111. Qd5+ {[%clk 0:03:40]} Kg7
{[%clk 0:04:27]} 112. Qd4 {[%clk 0:04:04]} Qb7 {[%clk 0:04:43]} 113. Qc5
{[%clk 0:04:15]} Kf7 {[%clk 0:03:49]} 114. Qc4+ {[%clk 0:04:20]} Kg7
{[%clk 0:03:51]} 115. Qc5 {[%clk 0:04:44]} Qd7 {[%clk 0:03:57]} 116. Kg2
{[%clk 0:04:45]} Qf7 {[%clk 0:04:07]} 117. Kg1 {[%clk 0:04:46]} Qe6
{[%clk 0:03:46]} 118. Qa7+ {[%clk 0:04:48]} Kf8 {[%clk 0:04:01]} 119. Qb8+
{[%clk 0:04:55]} Ke7 {[%clk 0:04:24]} 120. Qb4+ {[%clk 0:05:18]} Kd7
{[%clk 0:04:12]} 121. Qd4+ {[%clk 0:04:34]} Kc6 {[%clk 0:04:22]} 122. Qc3+
{[%clk 0:04:22]} Kb5 {[%clk 0:04:14]} 123. Qb2+ {[%clk 0:04:38]} Ka4
{[%clk 0:04:22]} 124. Qa1+ {[%clk 0:05:02]} Kb5 {[%clk 0:04:02]} 125. Qb2+
{[%clk 0:05:27]} Kc5 {[%clk 0:04:19]} 126. Qc3+ {[%clk 0:05:51]} Kd6
{[%clk 0:04:40]} 127. Qd4+ {[%clk 0:06:07]} Ke7 {[%clk 0:05:03]} 128. Qb4+
{[%clk 0:05:58]} Kf7 {[%clk 0:05:12]} 129. Qc5 {[%clk 0:06:20]} Qe7
{[%clk 0:05:19]} 130. Qd5+ {[%clk 0:06:41]} Kf8 {[%clk 0:05:19]} 131. Qd4
{[%clk 0:07:00]} Kg7 {[%clk 0:03:54]} 132. Kg2 {[%clk 0:06:26]} Kh7
{[%clk 0:04:07]} 133. Kf1 {[%clk 0:03:23]} g5 {[%clk 0:02:40]} 134. Qd5
{[%clk 0:02:57]} Kg6 {[%clk 0:02:07]} 135. Qg8+ {[%clk 0:02:23]} Kf5
{[%clk 0:02:12]} 136. Qd5+ {[%clk 0:01:43]} Qe5 {[%clk 0:01:47]} 137. Qd7+
{[%clk 0:01:34]} Kg6 {[%clk 0:01:45]} 138. hxg5 {[%clk 0:01:39]} fxg5
{[%clk 0:01:44]} 139. Qc6+ {[%clk 0:02:05]} Kg7 {[%clk 0:01:50]} 140. Qd7+
{[%clk 0:01:52]} Kh6 {[%clk 0:02:03]} 141. Qc6+ {[%clk 0:02:10]} Kh7
{[%clk 0:02:25]} 142. Qd7+ {[%clk 0:02:35]} Qg7 {[%clk 0:02:38]} 143. Qe8
{[%clk 0:02:19]} Qg6 {[%clk 0:02:47]} 144. Qe7+ {[%clk 0:02:45]} Kg8
{[%clk 0:02:04]} 145. Qd8+ {[%clk 0:02:16]} Kf7 {[%clk 0:02:26]} 146. Qd7+
{[%clk 0:02:06]} Kf6 {[%clk 0:02:47]} 147. Qd8+ {[%clk 0:01:20]} Ke6
{[%clk 0:02:51]} 148. Qc8+ {[%clk 0:01:29]} Kf6 {[%clk 0:02:39]} 149. Kg2
{[%clk 0:01:19]} h4 {[%clk 0:02:13]} 150. Qc6+ {[%clk 0:01:07]} Kg7
{[%clk 0:02:31]} 151. Qd7+ {[%clk 0:01:20]} Kh6 {[%clk 0:02:32]} 152. gxh4
{[%clk 0:00:43]} gxh4+ {[%clk 0:02:57]} 153. Kh3 {[%clk 0:01:02]} Qf6
{[%clk 0:03:10]} 154. Qd2+ {[%clk 0:01:17]} Kg6 {[%clk 0:03:14]} 155. Qe2
{[%clk 0:01:03]} Kf5 {[%clk 0:02:06]} 156. Qg4+ {[%clk 0:01:01]} Ke5
{[%clk 0:02:28]} 157. Kg2 {[%clk 0:00:55]} Qf4 {[%clk 0:02:25]} 158. Qg7+
{[%clk 0:01:12]} Kf5 {[%clk 0:02:03]} 159. Qf7+ {[%clk 0:01:30]} Kg4
{[%clk 0:02:06]} 160. Qg6+ {[%clk 0:01:49]} Qg5 {[%clk 0:02:32]} 161. Qxe4+
{[%clk 0:02:12]} Kh5+ {[%clk 0:02:34]} 162. Kh3 {[%clk 0:02:29]} Kh6
{[%clk 0:01:25]} 163. Qxh4+ {[%clk 0:02:19]} Kg6 {[%clk 0:01:43]} 164. Qxg5+
{[%clk 0:02:38]} Kxg5 {[%clk 0:02:08]} 165. Kg3 {[%clk 0:03:07]} Kf5
{[%clk 0:02:29]} 166. Kf3 {[%clk 0:03:34]} 1-0

[Event "GM/IM 2015 Chess House"]
[Site "?"]
[Date "2015.02.08"]
[Round "3.5"]
[White "Grabarczyk, Miroslaw"]
[Black "Svane, Rasmus"]
[Result "1/2-1/2"]
[LiveChessVersion "1.4.2"]
[BlackElo "2512"]
[WhiteElo "2430"]

1. d4 {[%clk 1:30:58]} Nf6 {[%clk 1:30:57]} 2. c4 {[%clk 1:31:18]} b6
{[%clk 1:31:19]} 3. Nf3 {[%clk 1:26:17]} Bb7 {[%clk 1:31:47]} 4. g3
{[%clk 1:22:25]} g6 {[%clk 1:32:16]} 5. Bg2 {[%clk 1:22:40]} Bg7 {[%clk 1:32:45]}
6. O-O {[%clk 1:22:45]} O-O {[%clk 1:33:13]} 7. d5 {[%clk 1:18:36]} Na6
{[%clk 1:33:42]} 8. Nc3 {[%clk 1:18:46]} Nc5 {[%clk 1:34:11]} 9. Be3
{[%clk 1:16:29]} e6 {[%clk 1:33:45]} 10. Bd4 {[%clk 1:13:24]} a5 {[%clk 1:32:38]}
11. Ne5 {[%clk 1:08:09]} d6 {[%clk 1:12:35]} 12. Bxc5 {[%clk 1:01:10]} bxc5
{[%clk 1:07:13]} 13. Nxf7 {[%clk 1:00:05]} Qe7 {[%clk 1:04:09]} 14. Ng5
{[%clk 0:58:19]} Nxd5 {[%clk 0:58:29]} 15. Nxd5 {[%clk 0:51:40]} exd5
{[%clk 0:57:32]} 16. Bxd5+ {[%clk 0:52:04]} Bxd5 {[%clk 0:57:56]} 17. Qxd5+
{[%clk 0:52:27]} Kh8 {[%clk 0:58:20]} 18. Qd2 {[%clk 0:48:38]} a4
{[%clk 0:54:09]} 19. Rab1 {[%clk 0:45:26]} Rae8 {[%clk 0:52:07]} 20. Rfe1
{[%clk 0:42:25]} Rf5 {[%clk 0:51:15]} 21. Nf3 {[%clk 0:42:37]} Qe4
{[%clk 0:49:39]} 22. b3 {[%clk 0:38:55]} a3 {[%clk 0:44:49]} 23. Rbd1
{[%clk 0:37:48]} Ref8 {[%clk 0:40:18]} 24. Qd3 {[%clk 0:33:04]} Qe6
{[%clk 0:39:58]} 25. h4 {[%clk 0:31:30]} h6 {[%clk 0:39:37]} 26. Kg2
{[%clk 0:27:32]} Kg8 {[%clk 0:37:08]} 27. Rh1 {[%clk 0:27:05]} Qf7
{[%clk 0:25:34]} 28. Rd2 {[%clk 0:24:26]} Qe6 {[%clk 0:24:03]} 29. Qc2
{[%clk 0:19:36]} Bb2 {[%clk 0:20:26]} 30. Qd1 {[%clk 0:17:36]} g5
{[%clk 0:18:33]} 31. hxg5 {[%clk 0:17:35]} hxg5 {[%clk 0:19:02]} 32. Rf1
{[%clk 0:14:30]} Kg7 {[%clk 0:10:11]} 33. Qc2 {[%clk 0:12:21]} Rh8
{[%clk 0:07:42]} 34. e3 {[%clk 0:05:25]} Rf6 {[%clk 0:04:37]} 35. Nxg5
{[%clk 0:03:32]} Qg4 {[%clk 0:05:06]} 36. f4 {[%clk 0:03:52]} Rfh6
{[%clk 0:05:35]} 37. Rg1 {[%clk 0:03:08]} Bf6 {[%clk 0:05:02]} 38. Nf3
{[%clk 0:03:04]} Rg6 {[%clk 0:05:00]} 39. Kf2 {[%clk 0:02:52]} Rh3
{[%clk 0:05:12]} 40. Qe4 {[%clk 0:01:33]} Kf8 {[%clk 0:00:51]} 41. Qa8+
{[%clk 0:00:35]} Ke7 {[%clk 0:25:47]} 42. Qe4+ {[%clk 0:28:25]} Kf8
{[%clk 0:23:22]} 43. Kf1 {[%clk 0:22:55]} Rg7 {[%clk 0:20:02]} 44. Nh2
{[%clk 0:17:11]} Qd7 {[%clk 0:14:08]} 45. Qa8+ {[%clk 0:12:14]} Ke7
{[%clk 0:13:21]} 46. Qf3 {[%clk 0:09:13]} Kf8 {[%clk 0:12:54]} 47. Rgg2
{[%clk 0:08:38]} Qe8 {[%clk 0:10:52]} 48. Ke2 {[%clk 0:06:25]} Qg6
{[%clk 0:09:19]} 49. Qa8+ {[%clk 0:06:02]} Ke7 {[%clk 0:09:06]} 50. Qc8
{[%clk 0:05:24]} Rxg3 {[%clk 0:08:33]} 51. Qxc7+ {[%clk 0:04:36]} Ke8
{[%clk 0:08:37]} 52. Qc6+ {[%clk 0:04:35]} Kf7 {[%clk 0:08:00]} 53. Qd5+
{[%clk 0:05:00]} Ke8 {[%clk 0:06:30]} 54. Rxg3 {[%clk 0:02:45]} Qxg3
{[%clk 0:06:58]} 55. Nf1 {[%clk 0:02:54]} Qg1 {[%clk 0:04:55]} 56. Qc6+
{[%clk 0:02:14]} Kf7 {[%clk 0:05:09]} 57. Qd5+ {[%clk 0:02:21]} Ke8
{[%clk 0:05:37]} 58. Qc6+ {[%clk 0:01:39]} Kf7 {[%clk 0:06:07]} 59. Qd5+
{[%clk 0:01:28]} Ke8 1/2-1/2